LEADER 01626nam0 22004093i 450 001 VAN0276656 005 20240603022401.207 017 70$2N$a9783030936358 100 $a20240603d2022 |0itac50 ba 101 $aeng 102 $aCH 105 $a|||| ||||| 200 1 $aProbability with Statistical Applications$fRinaldo B. Schinazi 205 $a3. ed 210 $aCham$cBirkhäuser$cSpringer$d2022 215 $axi, 361 p.$cill.$d24 cm 610 $aBayes estimators$9KW:K 610 $aBivariate Normal Vectors$9KW:K 610 $aConditional Distribution$9KW:K 610 $aContinuous random variables$9KW:K 610 $aDiscrete random variables$9KW:K 610 $aHypothesis Testing$9KW:K 610 $aMoment Generating Functions$9KW:K 610 $aProbability space$9KW:K 610 $aTransformations of Random Variables$9KW:K 620 $aCH$dCham$3VANL001889 700 1$aSchinazi$bRinaldo B.$3VANV080393$0614213 712 $aBirkhäuser $3VANV108193$4650 712 $aSpringer $3VANV108073$4650 801 $aIT$bSOL$c20240614$gRICA 856 4 $uhttps://doi.org/10.1007/978-3-030-93635-8$zE-book ? Accesso al full-text attraverso riconoscimento IP di Ateneo, proxy e/o Shibboleth 899 $aBIBLIOTECA DEL DIPARTIMENTO DI MATEMATICA E FISICA$1IT-CE0120$2VAN08 912 $fN 912 $aVAN0276656 950 $aBIBLIOTECA DEL DIPARTIMENTO DI MATEMATICA E FISICA$d08CONS e-Book 8614 $e08eMF8614 20240605 996 $aProbability with statistical applications$91130834 997 $aUNICAMPANIA LEADER 01625nam1 2200349 i 450 001 VAN00011407 005 20240806100248.273 010 $a88-02-04736-7 020 $aIT$b94 1909 100 $a20030122d1993 |0itac50 ba 101 $aita 102 $aIT 105 $a|||| ||||| 200 1 $aˆIl ‰contratto di agenzia, la mediazione$fGiacomo Giordano, Domenico Iannelli, Giuseppe Santoro 205 $a2. ed 210 $aTorino$cUTET$d[1993] 215 $a2 volumi$d25 cm. 410 1$1001VAN00003607$12001 $aGiurisprudenza sistematica di diritto civile e commerciale$ffondata da Walter Bigiavi$1210 $aTorino$cUtet 463 1$1001VAN00030302$12001 $aˆ<> 1$fGiacomo Giordano, Domenico Iannelli, Giuseppe Santoro$1205 $a2. ed$1210 $aTorino$cUTET$d[1993]$1215 $aXXI, 403 p.$d25 cm.$v1 463 1$1001VAN00030301$12001 $aˆ<> 2$fGiacomo Giordano, Domenico Iannelli, Giuseppe Santoro$1205 $a2. ed$1210 $aTorino$cUTET$d[1993]$1215 $aXIX, p. 406-803$d25 cm.$v2 606 $aContratto di agenzia$xGiurisprudenza$3VANC006158$2FI 606 $aMediazioni$xGiurisprudenza$3VANC006159$2FI 620 $dTorino$3VANL000001 676 $a346.4502902648$v21 700 1$aGiordano$bGiacomo$3VANV008591$0229258 701 1$aIannelli$bDomenico$f1938- $3VANV002571$0495542 701 1$aSantoro$bGiuseppe$3VANV008592$0229096 712 $aUTET $3VANV107949$4650 801 $aIT$bSOL$c20240906$gRICA 912 $aVAN00011407 996 $aContratto di agenzia, la mediazione$91406536 997 $aUNICAMPANIA LEADER 01540nam2 22002533i 450 001 VAN00083777 005 20241028034955.769 100 $a20110512f1913 |0itac50 ba 101 $aita 102 $aIT 105 $a|||| ||||| 200 1 $aˆ1: ‰Commento teorico pratico del testo unico della legge elettorale politica del 30 giugno 1912, n. 666 e degli articoli del nuovo testo unico del 26 giugno 1913, n. 821 che modificano alcuni articoli del precedente testo unico ... di un copioso indice alfabetico$fIgnazio Tambaro 210 $aNapoli$cPietrocola$d1913 215 $aVIII, 467 p. $d17 cm 316 $aFondo Salvatore Biggiero$5IT-IT-CE0105 CONSFB.IV.69(1) 461 1$1001VAN00083774$12001 $aCodice elettorale politico ed amministrativo$fIgnazio Tambaro$1210 $aNapoli$cPietrocola$1215 $avolumi$d17 cm$v1 620 $dNapoli$3VANL000005 700 1$aTambaro$bIgnazio$3VANV069101$0228577 801 $aIT$bSOL$c20260130$gRICA 899 $aBIBLIOTECA DEL DIPARTIMENTO DI GIURISPRUDENZA$1IT-CE0105$2VAN00 912 $aVAN00083777 950 $aBIBLIOTECA DEL DIPARTIMENTO DI GIURISPRUDENZA$d00CONS FB.IV.69 (1) $e00FB 3334 20110512 Fondo Salvatore Biggiero 996 $aCommento teorico pratico del testo unico della legge elettorale politica del 30 giugno 1912, n. 666 e degli articoli del nuovo testo unico del 26 giugno 1913, n. 821 che modificano alcuni articoli del precedente testo unico ... di un copioso indice alfabetico$91435092 997 $aUNICAMPANIA